| 000 | 00000nam 2200000zi 4500 |
| 001 | 9.867846 |
| 003 | CaOODSP |
| 005 | 20251006141205 |
| 006 | m o d f |
| 007 | cr cn||||||||| |
| 008 | 190131s2018 onca obs f000 0 eng d |
| 040 | |aCaOODSP|beng|erda|cCaOODSP |
| 043 | |an-cn--- |
| 045 | |ay1y1 |
| 086 | 1 |aPS83-3/18-02E-PDF |
| 100 | 1 |aMcKendy, Laura, |eauthor. |
| 245 | 10|aOverdose incidents in federal custody, 2012/2013 - 2016/2017 / |cLaura McKendy, Stephanie Biro & Leslie Anne Keown. |
| 264 | 1|aOttawa, Ontario : |bCorrectional Service Canada = Service correctionnel Canada, |c2018. |
| 300 | |a1 online resource (vi, 47 pages) : |bcolour illustrations. |
| 336 | |atext|btxt|2rdacontent |
| 337 | |acomputer|bc|2rdamedia |
| 338 | |aonline resource|bcr|2rdacarrier |
| 490 | 1 |aResearch report ; |vno. SR-18-02 |
| 500 | |aIssued also in French under title: Incidents de surdose chez les délinquants sous responsabilité fédérale, de 2012-2013 à 2016-2017. |
| 500 | |a"November 2018." |
| 500 | |aIssued by: Research Branch. |
| 500 | |aIssued also in HTML format. |
| 504 | |aIncludes bibliographical references (pages 26-29). |
| 520 | |a"The rise of drug overdose incidents, specifically those involving opioids, is a growing concern for Canadian society (British Columbia Coroners Service Death Review Panel, 2018; Special Advisory Committee on the Epidemic of Opioid Overdoses, 2018; Health Canada, 2017). While numerous reports have documented trends in the community, limited detailed data is available on trends in overdose incidents among custodial populations. This report furthers knowledge on this topic by examining all overdose incidents in federal custody over a five-year period (2012/2013 - 2016/2017), identifying the prevalence and nature of overdose incidents, the circumstances under which overdose incidents occur, the characteristics of offenders who experience overdose incidents, and patterns in the nature of staff and medical responses"--Executive summary, page iii. |
| 692 | 07|2gccst|aInmates |
| 692 | 07|2gccst|aNarcotics |
| 692 | 07|2gccst|aStatistics |
| 700 | 1 |aBiro, Stephanie M., |eauthor. |
| 700 | 1 |aKeown, Leslie-Anne, |d1963- |eauthor. |
| 710 | 1 |aCorrectional Service Canada. |bResearch Branch. |
| 775 | 08|tIncidents de surdose chez les délinquants sous responsabilité fédérale, de 2012-2013 à 2016-2017 / |w(CaOODSP)9.867849 |
| 794 | |tOverdose incidents in federal custody, 2017/2018 / |w(CaOODSP)9.893303 |
| 830 | #0|aResearch report (Correctional Service Canada. Research Branch)|vno. SR-18-02.|w(CaOODSP)9.506063 |
| 856 | 40|qPDF|s1.10 MB|uhttps://publications.gc.ca/collections/collection_2019/scc-csc/PS83-3-18-02-eng.pdf |
| 856 | 4 |qHTML|sN/A|uhttps://www.csc-scc.gc.ca/research/sr-18-02-en.shtml |